000 00432nam a2200193Ia 4500
003 OSt
005 20260102111939.0
008 210210b1967 xxu||||| |||| 00| 0 eng d
040 _cAL
041 _aeng
082 _a823.914 RIGJ
100 _aRigby Ray
_9249887
245 _aJacksons war
260 _aN Y
_bA Dell Book
_c1967
300 _a220,iv
690 _aEnglish Fiction
_9249888
906 _a027393
942 _2ddc
_cBK
999 _c78682
_d78682